El dopaje en el deporte

Detalles Bibliográficos
Autor principal: Palomar Olmeda, Alberto
Formato: eBook
Lenguaje:español
Publicado: Madrid: Dykinson, 2013
Materias:
Acceso en línea:Acceso restringido

MARC

LEADER 00000nam a22000007a 4500
005 2014071100110.0
007 cr|||| ||||
008 140711s2013 es |||||s|||| 00||0 spa d
020 |a 978-84-9031-813-3 
035 |a 12242 
040 |a vLex 
090 |c 5027  |d 5027 
100 1 |a Palomar Olmeda, Alberto 
245 1 3 |a El dopaje en el deporte  |h [Recurso electrn̤ico] /  |c Alberto Palomar Olmeda 
256 |a Servicio en ln̕ea 
260 |a Madrid:  |b Dykinson,  |c 2013 
300 |a 1 recurso electrn̤ico 
500 |a Primer comentario publicado de la Ley Orgǹica 3/2013, de 20 de junio, sobre el Dopaje. La obra se estructura por temas abarcando toda la normativa. Esta visin̤ de conjunto permite tener un conocimiento ms̀ general y ms̀ multidisciplinar que el que se habra̕ conseguido con un mero anl̀isis de la norma. 
506 1 |a Disponible solo en los productos indicados  |d vLex Global  |d vLex Global (Academic Edition, excluding Law Schools)  |d vLex Global (U.S. Academic Edition, Law Schools)  |d vLex Global (U.S. Academic Edition, excluding Law Schools)  |d vLex Global (Academic Edition, Law Schools) 
650 0 4 |a Derecho Civil  |z Espaą 
650 0 4 |a Deportes  |z Espaą 
740 0 |a vLex Libros (Servicio en ln̕ea) 
856 4 0 |u http://vlex.com/source/dopaje-en-el-deporte-12242  |z Acceso restringido 
942 |c BOOK 
999 0 |a Civil Law 
999 0 |a Sports